Catalog

Record Details

Catalog Search



Spomienky Jána Bosca  Cover Image Book Book

Spomienky Jána Bosca / [preklad Štefan Sandtner]

Record details

  • ISBN: 8080740232
  • Physical Description: 219 s. ; 20 cm
  • Edition: [1.] slov. vyd.
  • Publisher: [Bratislava] : Don Bosco, 2005

Content descriptions

General Note:
Fotogr. na tit. strane
Bibliography, etc. Note:
Pozn.

Available copies

  • 1 of 1 copy available at Common Catalog SPOK.

Holds

  • 0 current holds with 1 total copy.
Show Only Available Copies
Location Call Number / Copy Notes Barcode Shelving Location Status Due Date
Jabok Library CD-8.13.2.4 424480021181 Odborná literatura Available -

LDR 02247nam a2200553 a 4500
00112293
003CZ-PrJAB
00520190722095715.0
008150827s2005 xo g 000 0aslo
020 . ‡a8080740232
040 . ‡aSNK ‡bslo ‡cSNK ‡dABG312
072 7. ‡a27 ‡xKřesťanství. Křesťanská církev všeobecně. Eklesiologie ‡2Konspekt ‡95
1001 . ‡aBosco, Jan, ‡csvatý, ‡d1815-1888 ‡7jn20000700206 ‡4aut ‡0(CZ-PrJAB)14781
24510. ‡aSpomienky Jána Bosca / ‡c[preklad Štefan Sandtner]
250 . ‡a[1.] slov. vyd.
260 . ‡a[Bratislava] : ‡bDon Bosco, ‡c2005
300 . ‡a219 s. ; ‡c20 cm
500 . ‡aFotogr. na tit. strane
504 . ‡aPozn.
6530 . ‡akřesťanští světci ‡adon Bosco ‡avzpomínky ‡abiografie
7001 . ‡aSandtner, Štefan, ‡d1916-2006 ‡4trl ‡7ola2002153249 ‡0(CZ-PrJAB)19187
910 . ‡aABG312
995 . ‡aska
901 . ‡a12293 ‡bUnknown ‡c12293 ‡tbiblio

Additional Resources